Pavement design road note no 29, 31, 25, 39/ (Record no. 547569)

000 -LEADER
fixed length control field 00429nam a22001577a 4500
082 ## - DEWEY DECIMAL CLASSIFICATION NUMBER
Classification number 625.8
Author Mark DEP
100 ## - MAIN ENTRY--PERSONAL NAME
Personal name HMSO
9 (RLIN) 40682
245 ## - TITLE STATEMENT
Title Pavement design road note no 29, 31, 25, 39/
Statement of responsibility, etc. HMSO
250 ## - EDITION STATEMENT
Edition statement volumn3
260 ## - PUBLICATION, DISTRIBUTION, ETC.
Name of publisher, distributor, etc. Her Majesty's stationery office,
300 ## - PHYSICAL DESCRIPTION
Other physical details ill.;
Dimensions 20 cm.
526 ## - STUDY PROGRAM INFORMATION NOTE
Program name 0
Interest level 0
Reading level 0
Title point value 625_800000000000000_DEP
526 ## - STUDY PROGRAM INFORMATION NOTE
Program name 0
Interest level 0
Reading level 0
Title point value 625_800000000000000_DEP
650 ## - SUBJECT ADDED ENTRY--TOPICAL TERM
Topical term or geographic name entry element MCE
9 (RLIN) 379
942 ## - ADDED ENTRY ELEMENTS (KOHA)
Source of classification or shelving scheme
Koha item type Book
Holdings
Withdrawn status Lost status Source of classification or shelving scheme Damaged status Not for loan Permanent Location Current Location Date acquired Total Checkouts Full call number Barcode Date last seen Price effective from Koha item type
          Military College of Engineering (MCE) Military College of Engineering (MCE) 07/22/2014   625.8 DEP MCE-41369 07/22/2014 07/22/2014 Book
          Military College of Engineering (MCE) Military College of Engineering (MCE) 07/22/2014   625.8 DEP MCE-41370 07/22/2014 07/22/2014 Book
© 2023 Central Library, National University of Sciences and Technology. All Rights Reserved.